Φορτώνει......

National symposium on forage production system for sustainable agricultural development

Λεπτομέρειες βιβλιογραφικής εγγραφής
Άλλοι συγγραφείς: Range management,society of India
Μορφή: Printed Book
Γλώσσα:Undetermined
Έκδοση: Jhansi IGFRI 1995
Θέματα:
LEADER 00615nam a2200181Ia 4500
008 140316s9999 xx 000 0 und d
020
082 |a 633.2  |b RAN/NA 
100
245 |a National symposium on forage production system for sustainable agricultural development 
260 |a Jhansi  |b IGFRI  |c 1995 
300 |a 106 
650 |a fodder crops 
650 |a Forage production 
700 |a Range management,society of India 
942 |2 ddc  |c BK 
999 |c 3123  |d 3123 
952 |0 0  |1 0  |2 ddc  |4 0  |6 633_200000000000000_RANNA  |7 0  |9 3616  |a KAUCLV  |b KAUCLV  |c GENERAL  |d 2014-03-18  |o 633.2 RAN/NA  |p 207243  |r 2014-03-18  |w 2014-03-18  |y BK